| 000 | 01281cab a22002175a 4500 | ||
|---|---|---|---|
| 001 | L141596 | ||
| 008 | 071204e20071109xxk f 000 0 eng d | ||
| 035 | _a(Sirsi) u141596 | ||
| 041 | 0 | _aeng | |
| 100 | 1 | _aGibson, Mike | |
| 245 | 0 | 0 | _aEmissions impossible |
| 260 | _c2007 | ||
| 490 |
_aPlanning _v(1744) 9 November 2007, 16-17(2) |
||
| 520 | _aReports on a proposed scheme for controlling emissions from existing homes. Responses to the imminent planning policy statement on climate change show consensus on its aim of zero carbon new housing, but mixed views on how to achieve this. Energy efficiency specialists Eaga are conducting research to develop balanced trading. This proposes using s106 or tariffs on new housing to fund investment in energy installations and updating of existing stock. The investment would be based on carbon emitted by new developments. Suggestions are that each new build could fund three insulations. Considers the implications for planning gain policy. | ||
| 590 | _aKA | ||
| 650 | 2 | 4 | _aTOWN AND COUNTRY PLANNING ACT 1990 S106 |
| 651 | 4 |
_aUnited Kingdom _y |
|
| 690 | _aENVIRONMENTAL AND LAND CONSULTANCY-ENERGY-ENERGY USE-ENERGY EFFICIENCY | ||
| 690 | _aPROPERTY-RESIDENTIAL PROPERTY-DOMESTIC RESIDENTIAL PROPERTY-HOUSING | ||
| 942 | _n0 | ||
| 999 |
_c79536 _d79536 |
||